logo

Bir Sreshtho Munshi Abdur Rouf Library
Jhenaidah Cadet College

Geography of population (Record no. 8415)

MARC details
000 -LEADER
fixed length control field 00729cam a22002531 4500
001 - CONTROL NUMBER
JCCL Control Number 8415
003 - CONTROL NUMBER IDENTIFIER
JCCL marc code BD-JhCC
005 - DATE AND TIME OF LATEST TRANSACTION
control field 20180224095957.0
008 - FIXED-LENGTH DATA ELEMENTS--GENERAL INFORMATION
fixed length control field 731212t19671966nyuab b 000 0 eng
035 ## - SYSTEM CONTROL NUMBER
system control number (BD-JhCC)8415
040 ## - CATALOGING SOURCE
Original cataloging agency DLC
Transcribing agency DLC
Modifying agency DLC
041 ## - LANGUAGE CODE
Language code of Book eng
050 00 - LIBRARY OF CONGRESS CALL NUMBER
Classification number HB881
Item number .B3723 1967
082 00 - DEWEY DECIMAL CLASSIFICATION NUMBER
Classification number 301.3/2
Author mark and Year BEA 1966
100 2# - MAIN ENTRY--PERSONAL NAME
Personal name Beaujeu-Garnier, Jacqueline.
240 10 - UNIFORM TITLE
Uniform title Géographie de la population.
245 10 - TITLE STATEMENT
Title Geography of population
Statement of responsibility, etc [by] J. Beaujeu-Garnier.
260 ## - PUBLICATION, DISTRIBUTION, ETC. (IMPRINT)
Place of publication, distribution, etc New York,
Name of publisher, distributor, etc St. Martin's Press
Date of publication, distribution, etc [1967, c1966]
300 ## - PHYSICAL DESCRIPTION
Pagination x, 386 p.
Other physical details illus., maps (part col.)
Dimensions 23 cm.
504 ## - BIBLIOGRAPHY, ETC. NOTE
Bibliography, etc Bibliography: p. [371]-380.
650 #0 - SUBJECT ADDED ENTRY--TOPICAL TERM
Topical term or geographic name as entry element Population geography.
942 ## - ADDED ENTRY ELEMENTS (KOHA)
Source of classification or shelving scheme Dewey Decimal Classification
Koha item type Books
Holdings
Source of classification or shelving scheme Damaged status Not for loan Home library Current library Shelving location Date of accession Total Checkouts Full call number Barcode Date last seen Copy number Koha item type
Dewey Decimal Classification     JCC Rouf Library JCC Rouf Library General Stacks 02/24/2018   301.3/2 BEA 1966 11017 02/24/2018 C-1 Books

JCC Library | Contacts | JCC Home

Last Update on 23 September 2017
Copyright @ 2017-2020 JCC Rouf Library
Rouf Library, Jhenidah Cadet College (JCC), Bangladesh